Použitie neurónových sietí k tvorbe stratégie párovej symetrickej hry

Salvato in:
Dettagli Bibliografici
Autore principale: Mišák, Peter, 1983- (Autore)
Altri autori: Lacko, Peter, 1980- (Relatore della tesi)
Natura: Manoscritto Libro
Lingua:slovacco
Pubblicazione: STU v Bratislave FIIT, 2008
Soggetti:
Tags: Aggiungi Tag
Nessun Tag, puoi essere il primo ad aggiungerne!!

MARC

LEADER 00000ntm a22000003a 4500
001 stu166403
005 20180403130415.3
008 080704s2008----xo------------------slo-d
040 |a STU  |b slo 
041 0 |a slo 
044 |a xo 
100 1 |a Mišák, Peter,  |d 1983-  |4 aut  |u I300  |U FIIT Fakulta informatiky a informačných technológií  |T FIIT Ústav aplikovanej informatiky  |X 30853  |U I300  |Y 180  |7 A000030853 
245 1 |a Použitie neurónových sietí k tvorbe stratégie párovej symetrickej hry 
260 |b STU v Bratislave FIIT,  |c 2008 
300 |a 52 s  |c príl. 
650 7 |a neurónové siete 
650 7 |a softvérové inžinierstvo  |2 stusub 
700 1 |a Lacko, Peter,  |d 1980-  |4 ths  |u I200  |U FIIT Fakulta informatiky a informačných technológií  |T FIIT Ústav informatiky a softvérového inžinierstva  |X 1780  |U I200  |Y 179  |7 1780 
996 |c I*DP45/08  |l II680  |s P  |a 0  |w stu166403_0001